000 00466cam a2200181 4500
001 9282
005 20230410124102.0
008 060907n1994 dr spa
040 _aDRFGD
_ spa
041 _aspa
050 1 4 _aM457v 1965
100 1 _aMurois Andre
245 1 _aVoltaire
_b/
_cAndré Maurois; traducido por: Th Scheppelmann.
260 _aBarcelona
_bEditorial Juventud; /
_c11965
300 _a221p.
_bill.
942 _2lcc
_cbk
946 _aclperez
999 _c70698
_d70698